The impact of discourse marker instruction on writing improvement of Iranian intermediate EFL learners /
Saved in:
| Main Author: | |
|---|---|
| Format: | Thesis Book |
| Language: | English |
| Published: |
2017.
|
| Subjects: | |
| Online Access: | http://studentsrepo.um.edu.my/7659/ |
| Tags: |
Add Tag
No Tags, Be the first to tag this record!
|
| LEADER | 01801cam a2200349 i 4500 | ||
|---|---|---|---|
| 001 | u1062013 | ||
| 003 | SIRSI | ||
| 005 | 201709110915 | ||
| 008 | 170911s2017 my a m 000 0 eng | ||
| 040 | |a UMM |d AUM |e rda | ||
| 090 | |a LB7 |b UMP 2017 Asa | ||
| 100 | 1 | |a Asadzadian, Ghader, |e author. | |
| 245 | 1 | 4 | |a The impact of discourse marker instruction on writing improvement of Iranian intermediate EFL learners / |c Ghader Asadzadian. |
| 264 | 1 | |c 2017. | |
| 264 | 4 | |c 2017. | |
| 300 | |a xiv, 280 leaves : |b illustrations ; |c 30 cm. | ||
| 336 | |a text |2 rdacontent | ||
| 337 | |a unmediated |2 rdamedia | ||
| 338 | |a volume |2 rdacarrier | ||
| 502 | |b Ph.D. |c Jabatan Pendidikan Bahasa dan Literasi, Fakulti Pendidikan, Universiti Malaya |d 2017. | ||
| 504 | |a Bibliography: leaves 220-251. | ||
| 650 | 0 | |a English language |x Study and teaching |x Foreign speakers. | |
| 650 | 0 | |a English language |x Rhetoric. | |
| 710 | 2 | |a Universiti Malaya. |b Jabatan Pendidikan Bahasa dan Literasi, |e degree granting institution. | |
| 596 | |a 1 8 25 | ||
| 856 | 4 | 1 | |u http://studentsrepo.um.edu.my/7659/ |
| 900 | |a NSM | ||
| 999 | |a LB7 UMP 2017 ASA |w LC |c 1 |i A516920155 |d 18/1/2019 |e 18/1/2019 |f 18/9/2017 |g 1 |l STACKS |m P01UTAMA |n 2 |r Y |s Y |t TESIS |u 15/9/2017 |1 AHSS | ||
| 999 | |a LB7 UMP 2017 ASA |w LC |c 1 |i A516568067 |f 28/8/2023 |g 1 |l STACKS |m P25UMARCHI |r N |s Y |t CD |u 11/12/2017 |1 AHSS |o .STAFF. MST-CD9356 | ||
| 999 | |a LB7 UMP 2017 ASA |w LC |c 2 |i A516569938 |f 28/8/2023 |g 1 |l STACKS |m P25UMARCHI |r N |s Y |t CD |u 28/8/2023 |1 AHSS |o .STAFF. MST-CD9357 | ||
| 999 | |a LB7 UMP 2017 ASA |w LC |c 1 |i A516801612 |d 20/4/2018 |f 20/4/2018 |g 1 |l STACKS |m P08PENDIDI |r Y |s Y |t TESIS |u 20/4/2018 |1 AHSS | ||
| 999 | |a LB7 UMP 2017 ASA |w LC |c 2 |i A517252231 |l STACKS |m P08PENDIDI |r Y |s Y |t TESIS |u 17/10/2019 |1 AHSS |o .CIRCNOTE. 2ND COPY DI BILIK THESIS BLOCK D |o .PUBLIC. 2ND COPY DI BILIK THESIS BLOCK D | ||
